Cómo dialogar de forma constructiva

Αποθηκεύτηκε σε:
Λεπτομέρειες βιβλιογραφικής εγγραφής
Κύριος συγγραφέας: Strayhorn, Joseph M (Συγγραφέας)
Μορφή: Βιβλίο
Γλώσσα:Ισπανικά
Έκδοση: Bilbao Deusto 1992
Σειρά:Biblioteca Deusto de Desarrollo Personal
Θέματα:
Ετικέτες: Προσθήκη ετικέτας
Δεν υπάρχουν, Καταχωρήστε ετικέτα πρώτοι!

MARC

LEADER 00000nam a2200000 a 4500
001 UCK6453
003 CL-VaPUC
008 050930e19920000SP |||||||||||||||||spa|d
020 |a 8423406237 
082 0 4 |a 158.2  |b STR  |2 21 
100 0 |a Strayhorn, Joseph M  |e author  |9 495774 
245 1 0 |a Cómo dialogar de forma constructiva 
300 |a 154 p 
942 |c BK 
945 |d 20050930 00:00:00  |a jcarroza 
260 |a Bilbao  |b Deusto  |c 1992 
650 0 |a Relaciones humanas  |9 307340 
650 0 |a Relaciones interpersonales  |9 307056 
650 0 |a Comunicación   |9 257251 
583 |a last modification  |c 20050930 00:00:00  |k Rodrigo Vera 
490 0 |a Biblioteca Deusto de Desarrollo Personal 
999 |c 314740  |d 314738 
952 |0 0  |1 0  |4 0  |6 158_200000000000000_STR_1992  |7 0  |8 A  |9 387452  |a BIBEDU  |b BIBEDU  |d 2019-11-22  |i 4155521  |o 158.2 STR 1992  |p 4155521  |r 2019-11-22  |w 2019-11-22  |y BK  |k EBA